1502 1754 1919 1740 1343 1638 1878 1576 1055 1809 1546 1454 1018 1438 1581 1893 1570 1642 1757 1735 1072 1024 1256 1437 1819 1812 1183 1024 1954 1840 1586 1616 1377 1644 1640 1235 1752 1662 1860 1320 1346 1043 1398 1732 1530 1885 1302 1272 1760 1814 1294 1111 1308 1055 1874 1847 1507 1749 1958 1257 1050 1603 1643 1032 1791 1803 1895 1132 1688 1371 1563 1781 1106 1976 1008 1552 1374 1411 1030 1420 1289 1908 1136 1387 1226 1385 1975 1859 1695 1146 1066 1762 1853 1458 1616 1705 1099 1089 1651 BCNSPRNW ULIB Ver.6.0+V

เปลี่ยนเป็นภาษาไทย

Change to English
 แสดงรายละเอียดบรรณานุกรม
  กลับหน้าหลัก

Brief Record : Get Marc (ISO 2709) : E-mail record : QR code < ปิดหน้าต่าง
LEADER : 00000nam 2200000uu 4500
001    13399125857
003     ULIB
008    020711s2016 th a 000 0 eng d
020    ^a9781138908123
060    ^aW85^bA-I
100    ^aAnshel, Mark H.
245    ^aIntervention strategies for changing health behavior : applying the disconnectred values model/^bAnshel, Mark H.
260    ^aNew York :^bPsychology Press,^c2016
300    ^a205 pages;^c22 cm
650    ^aCounseling-methods
650  0 ^aHealth Behavior
945    ^p1283^l0^i003239
999    ^aประนอม เกษจรัล
รายการนี้ยังไม่มีแท็ก
คุณยังไม่ได้ล็อกอิน คุณสามารถมีกิจกรรมร่วมกับเว็บไซต์ได้ แต่ต้องล็อกอินก่อน ::
  ล็อกอิน

รายการสื่อสารสนเทศ

ลำดับที่ ประเภท เลขเรียก/บาร์โค้ด สถานที่ สถานะ
1. วิทยาศาสตร์การแพทย์ และสุขภาพ
หนังสือสำรอง
สถานะ=หนังสือสำรอง
W85 A-I ฉ.1 
  Barcode: 003239
ห้องสมุดวิทยาเขตสวรรค์ประชารักษ์
►หนังสือทั่วไป
บนชั้น

รายการใกล้เคียง
    หัวเรื่อง [Health Behavior]

BibComment


ยังไม่เคยถูกคอมเมนท์

คอมเมนท์ทรัพยากรรายการนี้
  คอมเมนท์: Intervention str..


 Copyright 2026. Bcnsprnw @Library